World of Warcraft - les sorts du chaman - Statistiques

Statistiques générales
  • Ce quiz a été pris 11 fois
  • Le résultat moyen est 16 sur 84
Statistiques - réponses
Indice Réponse % Correct
Sort de base Éclair
100%
Arbre de talent de classe Horion de givre
91%
Arbre de talent Élémentaire Horion de terre
82%
Arbre de talent de classe Chaîne d'éclairs
64%
Sort de base Horion de flamme
64%
Arbre de talent Restauration Remous
64%
Arbre de talent de classe Élémentaire de terre
55%
Arbre de talent Élémentaire Élémentaire de feu
45%
Arbre de talent de classe Explosion de lave
45%
Sort de base Amélioration Frappe-tempête
45%
Sort de base Loup fantôme
45%
Sort de base Restauration Vague de soins
45%
Arbre de talent Restauration Afflux
36%
Sort de base Bouclier de foudre
36%
Arbre de talent de classe Cisaille de vent
36%
Arbre de talent Restauration Pluie guérisseuse
36%
Arbre de talent de classe Salve de guérison
36%
Sort de base Totem de lien terrestre
36%
Arbre de talent toute spécialisation Ascendance
27%
Arbre de talent Élémentaire Élémentaire de tempête
27%
Arbre de talent Amélioration Fouet de lave
27%
Sort de base Frappe primordiale
27%
Sort de base* Furie sanguinaire
27%
Sort de base* Héroïsme
27%
Arbre de talent Élémentaire Séisme
27%
Talent héroïque Porte-tempête Tempête
27%
Sort de base Afflux de soins
18%
Arbre de talent Amélioration Arme Furie-des-vents
18%
Sort de base Arme langue de feu
18%
Arbre de talent Restauration Arme Viveterre
18%
Arbre de talent de classe Bouclier de terre
18%
Sort de base Esprit ancestral
18%
Arbre de talent Élémentaire et Amélioration Explosion élémentaire
18%
Arbre de talent de classe Grâce du marcheur des esprits
18%
Arbre de talent de classe Maléfice
18%
Arbre de talent de classe Orage
18%
Arbre de talent de classe Purge
18%
Arbre de talent Restauration Totem de marée de soins
18%
Arbre de talent de classe Totem guérisseur
18%
Arbre de talent de classe Transfert astral
18%
Arbre de talent Élémentaire et Amélioration Vague primordiale
18%
Sort de base Restauration Bouclier d'eau
9%
Arbre de talent de classe Bourrasque
9%
Arbre de talent Restauration Déchaînement de la vie
9%
Sort de base Double vue
9%
Sort de base Marche sur l'eau
9%
Sort de base Restauration Purification spirituelle
9%
Arbre de talent de classe Purifier l'esprit
9%
Arbre de talent de classe Rapidité de la nature
9%
Sort de base Rappel astral
9%
Arbre de talent de classe Rappel totémique
9%
Arbre de talent de classe Totem condensateur
9%
Arbre de talent de classe Totem de bouffée de vent
9%
Arbre de talent Restauration Totem de lien d'esprit
9%
Arbre de talent Restauration Totem de protection ancestrale
9%
Arbre de talent Amélioration Vents funestes
9%
Arbre de talent Amélioration Brasier voltaïque
0%
Arbre de talent Amélioration Esprit farouche
0%
Arbre de talent Amélioration Fracture
0%
Arbre de talent Amélioration Frappe de glace
0%
Sort de base Fureur-du-ciel
0%
Arbre de talent Élémentaire Furie-de-glace
0%
Talent héroïque Totémique Garde de mande-flots
0%
Arbre de talent Élémentaire Gardien des tempêtes
0%
Arbre de talent Restauration Giboulée
0%
Arbre de talent Amélioration Impact foudroyant
0%
Sort de base Impulsion farouche
0%
Arbre de talent de classe Lasso de foudre
0%
Arbre de talent de classe Marche de l'esprit
0%
Arbre de talent Amélioration Nova de feu
0%
Arbre de talent de classe Projection totémique
0%
Arbre de talent Élémentaire Protection du frappe-tonnerre
0%
Arbre de talent de classe Purge supérieure
0%
Talent héroïque Long-voyant Rapidité ancestrale
0%
Arbre de talent Amélioration Tempête primordiale
0%
Talent héroïque Totémique Totem déferlant
0%
Arbre de talent Élémentaire Totem de magma liquide
0%
Arbre de talent Restauration Totem de mur terrestre
0%
Arbre de talent de classe Totem de poigne de terre
0%
Arbre de talent de classe Totem de purification du poison
0%
Arbre de talent de classe Totem de séisme
0%
Arbre de talent Restauration Totem d'explosion nuageuse
0%
Arbre de talent de classe Totem rempart de pierre
0%
Sort de base Restauration Vision ancestrale
0%
Aucun quiz correspondant
Distribution des résultats
% des personnes avec chaque résultat
Percentile par nombre de réponses
Votre historique - résultats
Vous n’avez pas pris ce quiz